Effects of Fiscal Consolidation in the Czech Republic /

This paper uses the IMF's Global Integrated Monetary and Fiscal Model (GIMF) to assess the impact of fiscal consolidation on the Czech economy. Its contribution is threefold. First, it provides estimates of dynamic fiscal multipliers for a variety of fiscal instruments (tax and expenditure), co...

Повний опис

Бібліографічні деталі
Автор: Snudden, Stephen
Інші автори: Klyuev, Vladimir
Формат: Журнал
Мова:English
Опубліковано: Washington, D.C. : International Monetary Fund, 2011.
Серія:IMF Working Papers; Working Paper ; No. 2011/065
Онлайн доступ:Full text available on IMF
LEADER 01777cas a2200253 a 4500
001 AALejournalIMF007100
008 230101c9999 xx r poo 0 0eng d
020 |c 5.00 USD 
020 |z 9781455228058 
022 |a 1018-5941 
040 |a BD-DhAAL  |c BD-DhAAL 
100 1 |a Snudden, Stephen. 
245 1 0 |a Effects of Fiscal Consolidation in the Czech Republic /  |c Stephen Snudden, Vladimir Klyuev. 
264 1 |a Washington, D.C. :  |b International Monetary Fund,  |c 2011. 
300 |a 1 online resource (65 pages) 
490 1 |a IMF Working Papers 
500 |a <strong>Off-Campus Access:</strong> No User ID or Password Required 
500 |a <strong>On-Campus Access:</strong> No User ID or Password Required 
506 |a Electronic access restricted to authorized BRAC University faculty, staff and students 
520 3 |a This paper uses the IMF's Global Integrated Monetary and Fiscal Model (GIMF) to assess the impact of fiscal consolidation on the Czech economy. Its contribution is threefold. First, it provides estimates of dynamic fiscal multipliers for a variety of fiscal instruments (tax and expenditure), consolidation durations, assumptions about credibility, and monetary policy responses. Second, the paper evaluates the impact on the economy of tightening measures envisaged in the 2011 budget. Third, the paper considers alternative packages for consolidation beyond 2011 to achieve the government's balanced budget target by 2016 and identifies which forms of adjustment are more "growth-friendly". 
538 |a Mode of access: Internet 
700 1 |a Klyuev, Vladimir. 
830 0 |a IMF Working Papers; Working Paper ;  |v No. 2011/065 
856 4 0 |z Full text available on IMF  |u http://elibrary.imf.org/view/journals/001/2011/065/001.2011.issue-065-en.xml  |z IMF e-Library